| 000 | 00666nam a22001937a 4500 | ||
|---|---|---|---|
| 999 |
_c11644 _d11644 |
||
| 003 | AR-CdUCM | ||
| 008 | 190404b ||||| |||| 00| 0 spa d | ||
| 040 |
_aMUNICIPALIDAD PROVINCIAL DEL CUSCO _cBIBLIOTECA MUNICIPAL DEL CUSCO |
||
| 082 |
_aEP / 372 / _bT57 |
||
| 100 |
_aTineo Campos, Luis _929104 |
||
| 245 |
_aEl Placer de Leer 1 : _bMis Lecturas Favoritas / |
||
| 260 |
_aPerú : _bEdiciones y Representaciones B. Honorio J. |
||
| 300 |
_a76 páginas ; _bIlustraciones _c21cm |
||
| 505 | _aContenido:Cuentos -- Leyendas -- Fábulas | ||
| 650 |
_aEducación primaria _91561 |
||
| 650 |
_aLecturas _96094 |
||
| 942 |
_2ddc _cLIBROS |
||
| 945 |
_anom _d2019-04-04 |
||